Sailing yacht design /

Bibliographic Details
Main Author: Phillips-Birt, Douglas, 1920-1978 (Author)
Format: Book
Language:English
Published: London : Coles, 1969.
Edition:2nd ed., further rev.
Subjects:

MARC

Tag First Indicator Second Indicator Subfields
LEADER 00000cam a2200000 i 4500
001 in00004810285
008 810216s1969 enkaf 001 0 eng d
005 20240807185433.6
035 |a (OCoLC)ocm07129716  
040 |a TAG  |b eng  |e rda  |c TAG  |d OCLCG  |d OCLCQ  |d OCLCF  |d OCLCO  |d OCLCQ  |d OCLCA  |d OCLCO  |d AU@  |d OCLCL  |d OCLCQ  |d OCLCL 
019 |a 225066686 
029 1 |a GBVCP  |b 584944918 
029 1 |a NLGGC  |b 125196091 
029 1 |a AU@  |b 000040730104 
035 |a (OCoLC)07129716  |z (OCoLC)225066686 
050 4 |a VM331  |b .P48 1969 
082 0 4 |a 623.822  |q OCoLC 
049 |a MAIN 
100 1 |a Phillips-Birt, Douglas,  |d 1920-1978.  |1 https://id.oclc.org/worldcat/entity/E39PCjFp8CBM9qKFTVq93GkcHd,  |e author 
245 1 0 |a Sailing yacht design /  |c by Douglas Phillips-Birt. 
250 |a 2nd ed., further rev. 
264 1 |a London :  |b Coles,  |c 1969. 
300 |a 278 pages :  |b illustrations, tables, diagrams, plates ;  |c 26 cm 
336 |a text  |b txt  |2 rdacontent 
337 |a unmediated  |b n  |2 rdamedia 
338 |a volume  |b nc  |2 rdacarrier 
590 |b TAG Physical Holdings 2 
650 0 |a Yacht building.  |0 http://id.loc.gov/authorities/subjects/sh85148886 
650 6 |a Yachts  |x Conception et construction. 
650 7 |a Yacht building.  |2 fast  |0 (OCoLC)fst01182175 
758 |i has work:  |a Sailing yacht design (Text)  |1 https://id.oclc.org/worldcat/entity/E39PCGYxJRFGW6g4kqvhbC7rFX  |4 https://id.oclc.org/worldcat/ontology/hasWork 
994 |a 92  |b TAG 
852 |a TAG  |b TAGC  |c galv,stk  |h VM331 .P48 1969  |t c.1 
876 |p 33620000322707  |v unmediated -- volume 
999 f f |s 674d56d7-e384-40db-8a40-f5ec02e18d11  |i f81c56a5-bcf4-42ae-8831-19636a2593d7  |t 0 
952 f f |p normal  |a Texas A&M University  |b Galveston Campus  |c Jack K. Williams Library  |d Galveston Stacks  |t 0  |e VM331 .P48 1969  |h Library of Congress classification  |i unmediated -- volume  |m 33620000322707 
998 f f |a VM331 .P48 1969  |t 0  |l Galveston Stacks